00365nam a22001097a 4500008004100000020001500041082001800056100001400074245007600088260007900164300001200243230605b xxu||||| |||| 00| 0 eng d a0852558708 a320.9680bLOD cTom Lodge aBus Stop For EveryonebPolitics In South Africa {From Mandela to Mbeki} aKenilworth,CapeTownbDavid Philip,an Imprint of New Africa Books Ltdc2002 aVI,314p